000 01036ngm a22002655a 4500
001 1663
005 20231123105925.0
020 _a9780545001038
040 _aDLC
_cDLC
_eamim
_beng
050 0 0 _aPZ7.M51458
082 _a613.6
100 _aMehlhaff, Christine
245 0 0 _aDon't talk to strangers! /
_cby Christine Mehlhaff Illustrated by Kathi Ember
250 _aFirst printing, September 2007
260 _bScholastic,
_aNew York :
_c2007
300 _a22 pages :
_bcolor illustrations ;
_c26 cm
500 _aCopyright: MTE, Inc. Appl. au.: Irish Films, Inc. DCR 1994; PUB 20Jun94; REG 26Jun95; PA703-498.
500 _aSource used: copyright data base.
505 _aM
520 _aEmma Lion loves to make new friends, but Mama tells her to be careful and never talk to strangers. Emma sees new people to meet everywhere she goes. How will she know who is a stranger?
521 _a540
_bLexile
521 _aM
_bRaz-Plus
906 _a0
_bibc
_corignew
_du
_encip
_f19
_gy-movingim
942 _2ddc
_cBK
_n0
999 _c1663
_d1663